Formula 1 Rookies - Statistics

General Stats
  • This quiz has been taken 55 times
    27 since last reset
  • The average score is 43 of 59
Answer Stats
1st Race Country Answer % Correct
2025 Brazil Gabriel Bortoleto
100%
2025 France Isack Hadjar
100%
2025 Italy Kimi Antonelli
100%
2023 New Zealand Liam Lawson
100%
2022 China Zhou Guanyu
100%
2019 Thailand Alexander Albon
96%
2018 Monaco Charles Leclerc
96%
2014 Russia Daniil Kvyat
96%
2024 Argentina Franco Colapinto
96%
2019 United Kingdom George Russell
96%
2019 United Kingdom Lando Norris
96%
2021 Japan Yuki Tsunoda
96%
2017 Canada Lance Stroll
91%
2023 United States Logan Sargeant
91%
2015 Netherlands Max Verstappen
91%
2021 Germany Mick Schumacher
91%
2021 Russia Nikita Mazepin
91%
2024 United Kingdom Oliver Bearman
91%
2023 Australia Oscar Piastri
91%
2017 France Pierre Gasly
91%
2026 United Kingdom Arvid Lindblad
87%
2011 Australia Daniel Ricciardo
87%
2024 Australia Jack Doohan
87%
2020 Canada Nicholas Latifi
87%
2022 Netherlands Nyck de Vries
87%
2016 France Sebastian Ocon
87%
2015 Spain Carlos Sainz Jr.
83%
2014 Denmark Kevin Magnussen
83%
2011 Mexico Sergio Pérez
83%
2013 Finland Valtteri Bottas
83%
2010 Germany Nico Hülkenberg
78%
2017 Italy Antonio Giovinazzi
65%
2011 Venezuela Pastor Maldonado
65%
2020 Brazil Pietro Fittipaldi
65%
2016 Belgium Stoffel Vandoorne
65%
2010 Brazil Bruno Senna
61%
2020 United Kingdom Jack Aitken
61%
2014 Sweden Marcus Ericsson
61%
2018 Russia Sergey Sirotkin
61%
2010 Russia Vitaly Petrov
61%
2016 Germany Pascal Wehrlein
57%
2015 United States Alexander Rossi
52%
2017 New Zealand Brendon Hartley
52%
2013 Mexico Esteban Gutiérrez
52%
2012 France Charles Pic
48%
2015 Brazil Felipe Nasr
48%
2012 France Jean-Éric Vergne
48%
2011 Belgium Jérôme D'Ambrosio
48%
2016 United Kingdom Jolyon Palmer
48%
2013 France Jules Bianchi
48%
2011 United Kingdom Paul Di Resta
48%
2010 India Karun Chandhok
43%
2010 Brazil Lucas Di Grassi
43%
2013 United Kingdom Max Chilton
43%
2016 Indonesia Rio Haryanto
43%
2014 Germany André Lotterer
39%
2013 Netherlands Giedo Van der Garde
39%
2015 Spain Roberto Merhi
39%
2014 United Kingdom Will Stevens
39%
No matching quizzes found
Score Distribution
Percent of People with Each Score
Percentile by Number Answered
Your Score History
You have not taken this quiz since the last reset